Statistics for Vilka länder slutar på -land i världen?

Click here to take the quiz!

General Stats

  • This quiz has been taken 320 times
  • The average score is 8 of 14

Answer Stats

HintAnswer% Correct
EuropaFinland
87%
EuropaTyskland
70%
EuropaIsland
69%
EuropaRyssland
68%
EuropaEstland
67%
EuropaIrland
65%
EuropaLettland
65%
OceanienNya Zeeland
58%
EuropaGrekland
51%
AsienThailand
42%
EuropaEngland
39%
EuropaVitryssland
34%
AfrikaSwaziland
26%
EuropaSkottland
17%

Score Distribution

Percentile by Number Answered

Percent of People with Each Score

Your Score History

You have not taken this quiz